000 004570000a22001930004500
001 001016
003 MACL
005 20151018144541.0
008 151018b xxu||||| |||| 00| 0 eng d
040 _aMACL
_cMACL
041 _aEnglish
082 _a928.1/DEV
100 _aDevi, Savita
_915897
245 _aMaa Siddheshwari
_cSavita Devi
260 _aNew Delhi
_c2000
_bRoli Books,
350 _a195
650 _aBiography
_915898
942 _k928
_cBK
_2ddc
999 _c1012
_d1012